ბათუმის შოთა რუსთაველის სახელმწიფო უნივერსიტეტის ბიბლიოთეკა

Микрофлора плодовых деревьев СССР (ბიბ.ჩანაწერი № 45544)

000 -LEADER
fixed length control field 00560nam a2200205Ia 4500
001 - CONTROL NUMBER
control field 12369
003 - CONTROL NUMBER IDENTIFIER
control field GE_BSU
008 - FIXED-LENGTH DATA ELEMENTS--GENERAL INFORMATION
fixed length control field 181216s||||||||xx |||||||||||||| ||und||
040 ## - CATALOGING SOURCE
Transcribing agency GE_BSU
080 ## - UNIVERSAL DECIMAL CLASSIFICATION NUMBER
Universal Decimal Classification number 634
100 ## - MAIN ENTRY--PERSONAL NAME
Personal name Попушой,И.С.
245 ## - TITLE STATEMENT
Title Микрофлора плодовых деревьев СССР
245 ## - TITLE STATEMENT
Statement of responsibility, etc. Ред.Н.П.Мокеева
260 ## - PUBLICATION, DISTRIBUTION, ETC.
Place of publication, distribution, etc. Москва
260 ## - PUBLICATION, DISTRIBUTION, ETC.
Name of publisher, distributor, etc. Наука
260 ## - PUBLICATION, DISTRIBUTION, ETC.
Date of publication, distribution, etc. 1971
300 ## - PHYSICAL DESCRIPTION
Extent 450стр.21см.
653 ## - INDEX TERM--UNCONTROLLED
Uncontrolled term Микрофлора плодовых деревьев СССР
942 ## - ADDED ENTRY ELEMENTS (KOHA)
Koha item type წიგნი
ეგზემპლარები
Withdrawn status Lost status Damaged status Not for loan Date acquired Barcode Date last seen Price effective from Koha item type
        2018-12-17 20405 2018-12-17 2018-12-17 წიგნი
        2018-12-17 20799 2018-12-17 2018-12-17 წიგნი